LEADER 00794nam0-2200301---450- 001 990009716960403321 005 20130416164646.0 035 $a000971696 035 $aFED01000971696 035 $a(Aleph)000971696FED01 035 $a000971696 100 $a20130416d1990----km-y0itay50------ba 101 0 $aita 102 $aIT 105 $aa-------001yy 200 1 $a<>vitamine$ebiochimica, fisiologia, nutrizione, terapia$fAlberto Fidanza 210 $aRoma$cAgnesotti$dstampa 1990 215 $a318 p.$cill.$d24 cm 610 0 $aVitamine 676 $a615.328 700 1$aFidanza,$bAlberto$0359086 801 0$aIT$bUNINA$gRICA$2UNIMARC 901 $aBK 912 $a990009716960403321 952 $aC 4$fDMVTO 959 $aDMVTO 996 $aVitamine$9843733 997 $aUNINA LEADER 02367nam0 2200517 i 450 001 VAN0113451 005 20240514112109.439 017 70$2N$a9783319167206 100 $a20180110d2015 |0itac50 ba 101 $aeng 102 $aCH 105 $a|||| ||||| 200 1 $aIdeals, varieties, and algorithms$ean introduction to computational algebraic geometry and commutative algebra$fDavid Cox, John Little, Donald O'Shea 205 $a4. ed 210 $a[Cham]$cSpringer$d2015 215 $aXVI, 646 p.$cill.$d24 cm 410 1$1001VAN0024019$12001 $aUndergraduate texts in mathematics$1210 $aBerlin [etc.]$cSpringer 500 1$3VAN0235056$aIdeals, varieties, and algorithms : an introduction to computational algebraic geometry and commutative algebra$94164033 606 $a14-XX$xAlgebraic geometry [MSC 2020]$3VANC019702$2MF 606 $a13-XX$xCommutative algebra [MSC 2020]$3VANC019732$2MF 606 $a13Pxx$xComputational aspects and applications [MSC 2020]$3VANC029095$2MF 610 $aAlgebraic geometry textbook adoption$9KW:K 610 $aAlgorithms algebraic geometry$9KW:K 610 $aCoCoA algebraic geometry$9KW:K 610 $aComputational algebraic geometry$9KW:K 610 $aGröbner basis$9KW:K 610 $aHilbert basis theorem$9KW:K 610 $aInvariant theory$9KW:K 610 $aMacaulay2 algebraic geometry$9KW:K 610 $aMaple algebraic geometry$9KW:K 610 $aMathematica algebraic geometry$9KW:K 610 $aNullstellensatz$9KW:K 610 $aProjective geometry$9KW:K 610 $aSage algebraic geometry$9KW:K 620 $aCH$dCham$3VANL001889 700 1$aCox$bDavid A.$3VANV030543$058032 701 1$aLittle$bJohn B.$3VANV043520$059605 701 1$aO'Shea$bDonald$3VANV030545$059606 712 $aSpringer $3VANV108073$4650 790 1$aCox, David$zCox, David A.$3VANV093603 801 $aIT$bSOL$c20240614$gRICA 899 $aBIBLIOTECA DEL DIPARTIMENTO DI MATEMATICA E FISICA$1IT-CE0120$2VAN08 912 $aVAN0113451 950 $aBIBLIOTECA DEL DIPARTIMENTO DI MATEMATICA E FISICA$d08PREST 14-XX 0929 $e08DMF479 I 20190925 996 $aIdeals, varieties, and algorithms : an introduction to computational algebraic geometry and commutative algebra$94164033 997 $aUNICAMPANIA